01233nam a2200253Ia 4500003000900000008004100009020001800050040001600068080002300084111010100107245028400208260004800492300001600540490002700556650002900583650004300612650004700655700003900702700003600741710003700777942000700814999001700821952014100838IN-BaIIA211028s9999 xx 000 0 eng d a0-521-86345-7 cIIA Library a082.2:52bIAU-S236 aSymposium of the International Astronomical Unionn236thcCzech Republicd2006 Aug. 14-18930903 0aNear earth objects, our celestial neighbors-opportunity and riskbproceedings of the 236th symposium of the IAU held in Prague, Czech Republic, 14-18 August, 2006cedited by Andrea Milani, Giovanni B. Valsecchi and David Vokrouhlicky  aCambridgebCambridge University Pressc2007 axxiv, 500p. aIAU symposium; no. 236 aComets-Congresses930050 aNear-Earth asteroids-Congresses930904 aOuter space-Exploration-Congresses.930905 aValsecchi, Giovanni B., ed.930906 aVokrouhlicky, David, ed.930907 aInternational Astronomical Union cBK c16599d16599 00104070aBANbBANcGENd2007-08-30eEDS g5137.94l0o082.2:52/ IAU-S236p17521r2021-11-05v5137.94w2007-08-30yBKGRs. 5137.94